How to Win Friends and Influence People/ (Record no. 177795)

MARC details
000 -LEADER
fixed length control field 00584nam a22001817a 4500
005 - DATE AND TIME OF LATEST TRANSACTION
control field 20210304102252.0
010 ## - LCCN (DPL NO)
LC control number ENG-129137
020 ## - INTERNATIONAL STANDARD BOOK NUMBER
Terms of availability 195.00
International Standard Book Number 9789-38437-0602
035 ## - SYSTEM CONTROL NUMBER
System control number EN-112669
037 ## - SOURCE OF ACQUISITION
Source of stock number/acquisition DBAD/PUB
082 ## - DEWEY DECIMAL CLASSIFICATION NUMBER
Classification number 158.1
100 ## - MAIN ENTRY--PERSONAL NAME
Personal name Carnegie, Dale
245 ## - TITLE STATEMENT
Title How to Win Friends and Influence People/
Statement of responsibility, etc Dale Carnegie
260 ## - PUBLICATION, DISTRIBUTION, ETC. (IMPRINT)
Place of publication, distribution, etc New Delhi
Date of publication, distribution, etc 2016
Name of publisher, distributor, etc Manakin Press
270 ## - ADDRESS
City New Delhi
Address B-300, Okhla Industrial Area, Phase-I
Postal code 110020
Telephone number 91-11-45328300
Electronic mail address publisher@manakinpress.com
300 ## - PHYSICAL DESCRIPTION
Extent 272p.
Dimensions 22cm(pbk)
942 ## - ADDED ENTRY ELEMENTS (KOHA)
Source of classification or shelving scheme Dewey Decimal Classification
Item type English Books
Classification part 158.1
Call number suffix CAR
Holdings
Withdrawn status Lost status Not for loan Collection code Home library Current library Date acquired Source of acquisition Cost, normal purchase price Full call number Barcode Copy number Cost, replacement price Koha item type
      Non-fiction Bawana Bawana 04/03/2021 DBAD/PUB 195.00 158.1 CAR EN-112669 1 195.00 English Books

© Delhi Public Library
Hit Counter
free hit counter